000 00607nam a2200169Ia 4500
005 20250508163511.0
008 008 250505s9999 xx 000 0 eng d
037 _aBooks to be hide in OPAC
040 _aFEDL
_beng
_cFEDL
041 _aeng
_2eng
084 _a954, IND/O
_qFEDL
245 0 _aCome visit our country India: Teaching material prepared within the framework of the UNESCO associated schools project.
260 _aParis, France
_bUnited Nations Educational, Scientific and Cultural Organization
300 _aviii,59p.
942 _cHB
_h954, IND/O
999 _c1383717
_d1383717